| Tag |
First Indicator |
Second Indicator |
Subfields |
| LEADER |
00000cam a2200000 4500 |
| 001 |
in00000039805 |
| 005 |
20151007064556.0 |
| 008 |
771103s1936 enka 00110 engmc |
| 010 |
|
|
|a agr36000365
|
| 035 |
|
|
|a (OCoLC)03391780
|
| 035 |
|
|
|9 AAE0146AM
|
| 040 |
|
|
|a U.S. Dept. of Agr. Libr.
|c FNP
|d FNP
|d OCL
|d TXA
|d UtOrBLW
|
| 049 |
|
|
|a TXAM
|c [63954]
|
| 050 |
|
0 |
|a HD9275
|b .C65
|
| 082 |
0 |
|
|a 284.344
|
| 092 |
|
|
|a 338.1771
|b C678h
|
| 100 |
1 |
|
|a Cohen, Ruth Louisa,
|d 1906-
|
| 245 |
1 |
4 |
|a The history of milk prices ;
|b an analysis of the factors affecting the prices of milk and milk products /
|c by Ruth L. Cohen.
|
| 264 |
|
1 |
|a Oxford :
|b Agricultural Economics Research Institute,
|c 1936.
|
| 300 |
|
|
|a xiii, 205 pages :
|b diagrams ;
|c 23 cm.
|
| 336 |
|
|
|a text
|b txt
|2 rdacontent
|
| 337 |
|
|
|a unmediated
|b n
|2 rdamedia
|
| 338 |
|
|
|a volume
|b nc
|2 rdacarrier
|
| 500 |
|
|
|a At head of title: University of Oxford. Agricultural Economics Research Institute.
|
| 650 |
|
0 |
|a Butter.
|
| 650 |
|
0 |
|a Prices.
|
| 650 |
|
0 |
|a Cheese.
|
| 650 |
|
0 |
|a Milk.
|
| 710 |
2 |
|
|a University of Oxford.
|b Agricultural Economics Research Institute.
|
| 999 |
|
|
|a MARS
|
| 999 |
f |
f |
|s c5518b81-5531-3e46-a678-76ddb690b4f8
|i 66a66308-570f-31f2-983d-c6348b1fa7ff
|t 0
|
| 952 |
f |
f |
|p ric
|a Texas A&M University
|b Rellis Campus
|c Joint Library Facility
|d Remote Storage
|t 0
|e HD9275 .C65
|h Library of Congress classification
|i unmediated -- volume
|m A14813812455
|
| 998 |
f |
f |
|a HD9275 .C65
|t 0
|l Remote Storage
|